| 000 | 00854nam a2200277Ia 4500 | ||
|---|---|---|---|
| 003 | OSt | ||
| 005 | 20221007120856.0 | ||
| 006 | a|||||r|||| 00| 0 | ||
| 007 | ta | ||
| 008 | 221006b |||||||| |||| 00| 0 eng d | ||
| 020 | _a9780470057230 (hbd) | ||
| 024 | _a80720 | ||
| 037 |
_b201/07-08, 22/02/2008, N R Book Distributors _cTextual |
||
| 040 |
_aBDL _cBDL _beng |
||
| 041 |
_2eng _aeng |
||
| 082 | _aIg, P7.1-.2 Carb | ||
| 100 | _aRoberts Keith Ed. | ||
| 245 | 0 | _aHandbook of plant science | |
| 260 |
_aEngland _bJohn Wiley & Sons _c2007 |
||
| 490 | _v1 | ||
| 500 | _aIncludes bibliographical references; Index 1543-1599p | ||
| 650 | _a Plant science | ||
| 650 | _aBotany | ||
| 942 |
_hIg, P7.1-.2 Carb _cTEXL _2CC |
||
| 999 |
_c1208138 _d1208138 |
||